00670nam a2200169 a 450000100100000000500170001000800410002704000250006808200160009311000960010924500870020526000370029230000310032904900090036095201140036999900170048300003206320200930063410.0110712s1995 dr d 000 0 spa d aDO-SdBNPbspacBNPHU axxxxbR426i1 aRepública Dominicana.bCooperativa de Servicios Múltiples Procesadores de Harina95818610aInformes a la 5ta. asamblea general ordinaria a celebrarse el 27 de febrero, 1997. aSanto Domingo :bUMPIH,c1995?]. a32 p. :bgráf. ;c26 cm. aBNPD 0010718PDaPDbPDcCTd2011-07-12iLF1l0oxxxx R426ip32063-10r2020-06-25w2020-06-25yLFPDZNo se presta c31554d31554